000 00687nam a22002057a 4500
003 OSt
005 20251205005702.0
008 251205b |||||||| |||| 00| 0 eng d
020 _a9715692664
040 _aDWCL - Main
_cOC
082 _aFil. 291.1 G672f 1997
100 _aGorospe, Vitaliano R.
_eAuthor
245 _aForming the Filipino social conscience :
_bsocial theology from a Filipino christian perspective /
_cVitaliano R. Gorospe
250 _a2nd ed.
260 _aMakati City, Philippines:
_bBookmark, Inc.,
_cc1997.
300 _axviii, 291 p.:
_bill.;
_c26 cm
650 _a1. Christian democracy.
650 _a2. Sociology, Christian.
942 _2ddc
_cBK - FIL
_n0
999 _c6884
_d6884